Normal view
MARC view
- Adnan, GC Malik Farrukh (TCC-7)
Entry Personal Name
001 - CONTROL NUMBER
- control field: 131792
003 - CONTROL NUMBER IDENTIFIER
- control field: NUST
005 - DATE AND TIME OF LATEST TRANSACTION
- control field: 20251111133955.0
008 - FIXED-LENGTH DATA ELEMENTS
- fixed length control field: 251111|| aca||aabn | a|a d
040 ## - CATALOGING SOURCE
- Original cataloging agency: NUST
- Transcribing agency: NUST
100 ## - HEADING--PERSONAL NAME
- Personal name: Adnan, GC Malik Farrukh (TCC-7)
670 ## - SOURCE DATA FOUND
- Source citation: Work cat.: (NUST)181749: Adnan, GC Malik Farrukh (TCC-7), Design of a video-audio (TV) transmitter project report /, 1999
